| 000 | 00768nam a2200229 a 4500 | ||
|---|---|---|---|
| 001 | 000006259 | ||
| 005 | 20200929153916.0 | ||
| 008 | 090827s1960 dr a 000 0 spa d | ||
| 040 | _aDO-SdBNP | ||
| 082 |
_a346.07 _bT273p |
||
| 100 | 1 |
_aTellado, Antonio _916486 |
|
| 245 | 1 | 0 |
_aPráctica de derecho comercial / _cAntonio Tellado. |
| 260 |
_aCiudad Trujillo, República Dominicana : _bEditora del Caribe, _c1960. |
||
| 300 |
_av. : _bil. ; _c23 cm. |
||
| 500 | _aLa biblioteca posee el tomo 1 | ||
| 504 | _aIncluye bibliografía: (p. 291-292) | ||
| 650 | 4 |
_aDerecho comercial _zRepública Dominicana _914449 |
|
| 650 | 4 |
_aDerecho comercial _xLegislación _95940 |
|
| 910 | _aValidado. Control de calidad BNPHU | ||
| 999 | 9 | 9 |
_a1 _n0000861 _c6054 _d6054 |
| 999 |
_a1 _n0000245 |
||
| 049 | _aBNPD | ||